Relación del escepticismo con la filosofía

Saved in:
Bibliographic Details
Main Author: Hegel, Georg Wilhelm Friedrich (autor)
Format: Book
Language:Spanish
Published: Madrid Biblioteca Nueva 2006
Series:Colección Clásicos del Pensamiento, 35
Subjects:
Tags: Add Tag
No Tags, Be the first to tag this record!

MARC

LEADER 00000cam a2200000 a 4500
001 UCJ2629
003 CL-VaPUC
008 070104e20060000SP |||||||||||||||||spa|d
020 |a 8497423577 
082 0 4 |a 146  |b HEG  |2 21 
100 |a Hegel, Georg Wilhelm Friedrich  |e autor  |9 580639 
245 1 0 |a Relación del escepticismo con la filosofía 
300 |a 98 p 
942 |c BK 
945 |d 20070104 00:00:00  |a jtorresc 
260 |a Madrid  |b Biblioteca Nueva  |c 2006 
650 0 |a Escepticismo  |9 258591 
650 0 |a Filosofía de las ciencias  |9 256466 
583 |a last modification  |c 20150505 01:21:18  |k Rodrigo Vera 
490 0 |a Colección Clásicos del Pensamiento, 35 
999 |c 318821  |d 318819 
952 |0 0  |1 0  |3 erb  |4 0  |6 146_000000000000000_HEG_2006  |7 0  |8 A  |9 396963  |a BIBEDU  |b BIBEDU  |i 5114985  |o 146 HEG 2006  |p 5114985  |r 2019-11-22  |w 2019-11-22  |y BK  |z Catalogado en:20140925  |k FIL 
952 |0 0  |1 0  |3 erb  |4 0  |6 146_000000000000000_HEG_2006  |7 0  |8 A  |9 396964  |a BIBEDU  |b BIBEDU  |i 5249007  |o 146 HEG 2006  |p 5249007  |r 2019-11-22  |w 2019-11-22  |y BK  |z Catalogado en:20151112  |k FIL